[Event "RSA-chT U12"]
[Site "Cape Town"]
[Date "2016.01.07"]
[Round "7.8"]
[White "Koning, Jaedin"]
[Black "Loxton, Dillon"]
[Result "0-1"]
[WhiteElo "1104"]
[BlackElo "981"]
[PlyCount "60"]
[EventDate "2016.01.04"]
[EventType "team-tourn"]
[EventRounds "7"]
[EventCountry "RSA"]
[SourceTitle "CBM 170 Extra"]
[Source "ChessBase"]
[SourceDate "2016.02.25"]
[SourceVersion "1"]
[SourceVersionDate "2016.02.25"]
[SourceQuality "1"]
[WhiteTeam "Tshwane"]
[BlackTeam "Nelson Mandela Bay"]
[WhiteTeamCountry "RSA"]
[BlackTeamCountry "RSA"]

1. e4 e5 2. Nf3 Nc6 3. d4 exd4 4. Bc4 Nf6 5. Ng5 d5 6. exd5 Nxd5 7. 0-0 Be7 8. Qh5 g6 9. Qh6 Bg4 10. Qg7 Bxg5 11. Re1+ Be6 12. Bxg5 Qxg5 13. Qxh8+ Ke7 14. Qxa8 Nf4 15. g3 Nh3+ 16. Kf1 Ne5 17. Qxb7 Bxc4+ 18. Kg2 Nf4+ 19. Kg1 Ne2+ 20. Kh1 Nd7 21. Na3 Bd5+ 22. f3 Bxb7 23. Rxe2+ Kf8 24. Kg2 Ne5 25. Kg1 Nxf3+ 26. Kf2 Nxh2 27. Ree1 Bc6 28. Nc4 Ng4+ 29. Kg1 Qh5 30. Ne5 Qh1# 0-1